000 00369nam a22001571a 4500
020 _a9788171306480
082 _aM301
_bASH/A
100 _aAshitha
245 _aAshithayute kathakal/
_cby Ashitha
260 _aKottayam:
_bD C Books,
_c1996.
300 _a88p.
650 _aStories Malayalam
650 _aLiterature Malayalam
650 _aLiterature
942 _cBK
999 _c3217
_d3217